Call to adventure an anthology (Record no. 4556)

MARC details
000 -LEADER
fixed length control field 00461cam a2200181ua 4500
001 - CONTROL NUMBER
control field 5379
005 - DATE AND TIME OF LATEST TRANSACTION
control field 20260515113855.0
008 - FIXED-LENGTH DATA ELEMENTS--GENERAL INFORMATION
fixed length control field 120901n ii |||gr||||Z||||||eng
040 ## - CATALOGING SOURCE
Transcribing agency MAIN
082 ## - DEWEY DECIMAL CLASSIFICATION NUMBER
Classification number 808.8387
100 ## - MAIN ENTRY--PERSONAL NAME
Personal name Moon, A. R.,
Relator term Editor,
245 10 - TITLE STATEMENT
Title Call to adventure an anthology
Statement of responsibility, etc. by A. R. Moon
250 ## - EDITION STATEMENT
Edition statement 2nd.
260 ## - PUBLICATION, DISTRIBUTION, ETC.
Place of publication, distribution, etc. Delhi:
Name of publisher, distributor, etc. Oxford university press,
Date of publication, distribution, etc. 1984.
300 ## - PHYSICAL DESCRIPTION
Extent 224p:
Dimensions 15cm.
700 ## - ADDED ENTRY--PERSONAL NAME
Personal name Edmundson, J.,
Relator term Editor,
942 ## - ADDED ENTRY ELEMENTS (KOHA)
Koha item type Books
Holdings
Withdrawn status Lost status Damaged status Not for loan Home library Current library Shelving location Date acquired Total checkouts Full call number Barcode Date last seen Copy number Price effective from Koha item type
        Naharkatiya College Library Naharkatiya College Library General stacks 09/19/2020   808.8387 | CAL 6054 09/19/2020 1 09/19/2020 Books